000 00307 a2200109 4500
001 ART_30532
005 20260410162002.0
008 260409a
245 1 0 _aMercado y Estado
100 1 _aSandler, Guillermo Alberto
773 0 _tForo económico
_g- Año II, Nº 2 (mar. 1996)
_wREV30369
999 _c31403
_d31403